00258nam a22000977a 4500040000900000082001300009100002000022245003100042260005600073650003100129 cNust a530bBEI aBreiser, Arthur aConcepts Of Modern Physics aLahore:bNational Book Foundation Islamabad,c2007. aConcepts Of Modern Physics